000 01033nam a22002537a 4500
003 EG-CAGPL
005 20240530110542.0
008 140617s2013 jo gr 000 0 ara d
017 _a20122761
_bالاردن . دائرة المكتبة الوطنية
020 _a9789957248123
040 _aEG-CAGPL
_cEG-CAGPL
082 0 4 _221
_a023\
_bأ م
100 0 _aاحمد نافع المدادحة
245 1 0 _aمبادئ التخطيط والتنظيم فى الادارة والمكتبات /
_cاحمد نافع المدادحة ، سلامة سويلم النوافعة
250 _aط1
260 _aعمان :
_bدار صفاء للنشر والتوزيع ،
_c2013
300 _a319 ص ؛
_c24 سم
650 0 4 _2qrmak
_aالمكتبات
_xتخطيط
650 0 4 _2qrmak
_aالمكتبات
_xتنظيم وادارة
650 0 4 _2qrmak
_aالمكتبات المدرسية
_zالاردن
700 0 _aسلامة سويلم النوافعة
_eمؤلف مشارك
942 _2ddc
_cBK
999 _c62275
_d62275